000 00832nam a2200193 a 4500
005 20140412111307.0
008 010320s19uu xx 00 eng d
020 _a0-7214-0824-9
050 _aER
_bRa13 1984
100 _aNesbit, Edit
245 _aThe Railway children /
_cby Edith Nesbit ; retold by Joan Collins ; illustrated by Kathie Layfield.
260 _aLeicestershire, UK :
_bLadybird Books,
_c1984.
300 _a1 v. (unp.) ; ill.
440 _aLadybird Children's Classics
520 _aThe children loved their new life in the little house beside the railway. They made friends with the Station Master and the Porter, and gave special names to all the trains. Only one thing spoiled it. Why didn't Father come back to them?
650 _aChildren's Stories
650 _aFamily's - Fiction
999 _c103765
_d103765